Truemans specific series UGC NET/SET: Psychology (Record no. 152511)

MARC details
000 -LEADER
fixed length control field 00560nam a2200229Ia 4500
008 - FIXED-LENGTH DATA ELEMENTS--GENERAL INFORMATION
fixed length control field 210210b2014 xxu||||| |||| 00| 0 eng d
020 ## - INTERNATIONAL STANDARD BOOK NUMBER
International Standard Book Number 8189301330
041 ## - LANGUAGE CODE
Language code of text/sound track or separate title eng
082 ## - DEWEY DECIMAL CLASSIFICATION NUMBER
Classification number 150.02 MANT
100 ## - MAIN ENTRY--PERSONAL NAME
Personal name MANI (AKhilesh)
245 ## - TITLE STATEMENT
Title Truemans specific series UGC NET/SET: Psychology
260 ## - PUBLICATION, DISTRIBUTION, ETC.
Place of publication, distribution, etc. New Delhi
Name of publisher, distributor, etc. Danika Publishing Company
Date of publication, distribution, etc. 2014
300 ## - PHYSICAL DESCRIPTION
Extent viii,720
650 ## - SUBJECT ADDED ENTRY--TOPICAL TERM
Topical term or geographic name entry element UGC
650 ## - SUBJECT ADDED ENTRY--TOPICAL TERM
Topical term or geographic name entry element Truemans
650 ## - SUBJECT ADDED ENTRY--TOPICAL TERM
Topical term or geographic name entry element specific
650 ## - SUBJECT ADDED ENTRY--TOPICAL TERM
Topical term or geographic name entry element series
650 ## - SUBJECT ADDED ENTRY--TOPICAL TERM
Topical term or geographic name entry element Psychology
650 ## - SUBJECT ADDED ENTRY--TOPICAL TERM
Topical term or geographic name entry element NET/SET:
690 ## - LOCAL SUBJECT ADDED ENTRY--TOPICAL TERM (OCLC, RLIN)
Topical term or geographic name as entry element Psychology
906 ## - LOCAL DATA ELEMENT F, LDF (RLIN)
a 068237
Holdings
Withdrawn status Lost status Damaged status Not for loan Collection code Home library Current library Shelving location Date acquired Source of acquisition Cost, normal purchase price Total Checkouts Full call number Barcode Date last seen Date last checked out Price effective from Koha item type
          St Aloysius Library St Aloysius Library   02/17/2021 Sapna Book House Pvt Ltd, K S Rao Road, Mangalore 475.00 2 150.02 MANT 068237 03/21/2024 03/19/2024 02/17/2021 Book